Chansons de Noir Désir - Mort Subite - Statistiques

Statistiques générales
  • Ce quiz a été pris 95 fois
  • Le résultat moyen est 19 sur 40
Answers on the Grid
Answers color-coded by a green-red scale on the quiz's grid according to % correct below.
Le vent nous portera
L'Homme pressé
Un jour en France
Tostaky (Le continent)
Aux sombres héros de l'amer
Comme elle vient
Sober song
Les écorchés
A ton étoile
A l'envers à l'endroit
Marlène
Here It Comes slowly
Le grand incendie
L'enfant roi
I want you
Le Fleuve
Bouquet de nerfs
Johnny Colère
Charlie
Si rien ne bouge
Ici Paris
Lazy
Des armes
What i need
Lolita nie en bloc
Lost
One Trip / One Noise
L'appartement
Ernestine
Toujours être ailleurs
Des visages des figures
A la longue
Septembre, en attendant
Fin de siècle
666.667 Club
Les Persiennes
Alice
It Spurts
The Holy Economic War
En route pour la joie
Préfabriqués
Always Love
Jeune et con
Cendrillon dit non
Dormir dehors
Voyage à Vilnius
Sous ton aile
Pourvu que ça dure
Un ange passe
Haine blanche
 
Statistiques - réponses
Réponse % Correct
L'Homme pressé
78%
Aux sombres héros de l'amer
72%
Le vent nous portera
72%
Tostaky (Le continent)
72%
Un jour en France
72%
Comme elle vient
70%
A ton étoile
64%
Des visages des figures
62%
Les écorchés
62%
666.667 Club
56%
Lost
56%
One Trip / One Noise
56%
A l'envers à l'endroit
54%
Fin de siècle
54%
Si rien ne bouge
54%
Ici Paris
52%
Marlène
52%
Des armes
50%
En route pour la joie
48%
Ernestine
48%
Lazy
46%
Septembre, en attendant
46%
Lolita nie en bloc
44%
Le grand incendie
40%
L'enfant roi
40%
Les Persiennes
40%
Johnny Colère
38%
Bouquet de nerfs
36%
Le Fleuve
36%
The Holy Economic War
36%
What i need
36%
A la longue
34%
Charlie
34%
Sober song
34%
Alice
30%
It Spurts
30%
L'appartement
28%
Here It Comes slowly
26%
Toujours être ailleurs
26%
I want you
24%
Aucun quiz correspondant
Distribution des résultats
% des personnes avec chaque résultat
Percentile par nombre de réponses
Votre historique - résultats
Vous n’avez pas pris ce quiz